000 00412ntaaa2200169 4500
003 01
005 20251027201555.0
008 0714s1973 ag 01
040 _aAR-BaBN
_bspa
_cAR-BaBN
_eaacr
_dRIC
082 _a230.0000 F98
100 _aFurse, Michael
_914380
245 _aGod's Plan
250 _a1 ed. :
_bStudent Christian Movement Press,
_cc/938
300 _a128 p.
650 _aTeologĂ­a
942 _cBK
999 _c10337
_d10337